Dlhopisy Eurovalu – nový finančný nástroj kapitálového trhu

Euroval - označenie pre špeciálny finančný nástroj eurozóny, ktorého cieľom je riešenie dlhovej krízy v Európe. Finančné zázemie trvalého eurovalu. Hodnotenie úverového rizika. Emisie dlhopisov Eurovalu. Euroval nielen v pozícii emitenta dlhopisov a veriteľa pri poskytovaní úverov, ale i v pozícii i...

Ausführliche Beschreibung

Gespeichert in:
Bibliographische Detailangaben
1. Verfasser: Chovancová, Božena
Weitere Verfasser: Árendáš, Peter, 1986-
Format: Buchkapitel
Sprache:Slowakisch
Schlagworte:
Tags: Tag hinzufügen
Keine Tags, Fügen Sie das erste Tag hinzu!

MARC

LEADER 00000nla a2200000 4500
001 0174971
005 20240610130833.0
041 0 |a slo 
044 |a SK 
245 1 0 |a Dlhopisy Eurovalu – nový finančný nástroj kapitálového trhu  |c Božena Chovancová, Peter Árendáš 
520 |a Euroval - označenie pre špeciálny finančný nástroj eurozóny, ktorého cieľom je riešenie dlhovej krízy v Európe. Finančné zázemie trvalého eurovalu. Hodnotenie úverového rizika. Emisie dlhopisov Eurovalu. Euroval nielen v pozícii emitenta dlhopisov a veriteľa pri poskytovaní úverov, ale i v pozícii investora voči tretím subjektom. 
610 2 0 |a financie 
610 2 0 |a nástroje finančné 
610 2 0 |a trh kapitálový 
610 2 0 |a dlhopisy 
610 2 0 |a kríza 
610 2 0 |a dlhy 
610 2 0 |a zadlženosť 
610 2 0 |a Európska únia 
100 1 |a Chovancová, Božena 
700 1 |a Árendáš, Peter, 1986-